| 000 | 00635nam a2200217 a 4500 | ||
|---|---|---|---|
| 001 | 000000523 | ||
| 005 | 20250616102629.0 | ||
| 008 | 081029s2007 dr 000 0 spa d | ||
| 020 | _a9789945408102 | ||
| 020 | _a9945408100 | ||
| 040 |
_aDO-SdBNP _bspa _cBNPHU |
||
| 082 |
_a155.25 _bF475s |
||
| 100 | 1 |
_aFigueroa, Carmen Fe _91729 |
|
| 245 | 1 | 4 |
_aLas siete llaves de la prosperidad / _cCarmen Fe Figueroa. |
| 260 |
_aSanto Domingo : _bArgos, _c2007. |
||
| 300 |
_a30 p. ; _c22 cm. |
||
| 650 | 4 |
_aMadurez emocional _91730 |
|
| 650 | 4 |
_aAutocontrol _9853 |
|
| 650 | 0 |
_aActitud (PsicologĂa) _9852 |
|
| 650 | 4 |
_aMadurez (psicologĂa) _91223 |
|
| 999 |
_c521 _d521 |
||